00437nam a2200181Ia 4500008004100000020001800041050001000059050001400069100002000083245004100103245002300144260001300167260001200180260000900192300001500201300002000216999001900236170711s9999 xx 000 0 und d a9780007439430 a372.5 bC785 2011 aCoppock, Lilian aArt inspired by different cultures / cby Lilian Coppock. aLondon : bBelair, c2011 a72 pages : billustrations ; c339765d339765